000 00756nam a22002172 4500
001 0000007206
005 20151217152026.0
008 071130s xx 000 0 eng d
020 _a1843432072 :
_cKES 850
040 _aKABU
_cKABU
100 1 _aMankell, Henning.
_@0000158330
245 1 0 _aI die, but the memory lives on :
_ba personal reflection on aids /
_cHenning Mankell; translated from the Swedish by Laurie Thompson.
260 _aLondon :
_bHarvill Press,
_c2004.
300 _a120 p.
650 0 _aAIDS (Disease)
_@0000148458
650 0 _aAIDS (Disease)
_vBiography
_xPatients.
_@0000158331
908 _a071130
950 _@1
999 _c7452
_d7452